LEADER 01082nam a2200229 i 4500 001 000000199999 003 CaOOAMICUS 005 20251105151544.0 008 110331s1937 it u000 u ita u 013 $a178697 040 $aSeMil$bita 100 1 $aRoncoroni, Ettore.$0(OLS)http://semarc/name/72332 245 10$aIllustrazioni sugli insetti /$cEttore Roncoroni. 260 $aVarese :$bTipografia arcivescovile dell'Addolorata,$c1937. 300 $aXI, 427 p. :$bill. ;$c25 cm. 500 $aIn testa al front : Consorzio Obbligatorio Provinciale per la lotta contro il maggiolino e la processionaria del pino nella provincia di Varese. - Sul front : Dedica autografa dell'autore al card. Schuster. 650 4$aEntomologia.$0(OLS)http://semarc/subject/4883 850 $aSeMil 852 $aSeMil$W1$xVenegono$y1$m3XI III 15$j150533$B150533$CSeMilBibl$Z2$F161879 $81 996 $6245$aIllustrazioni sugli insetti$9(OLS)http://semarc/title/289184 996 $6260$aVarese :$bTipografia arcivescovile dell'Addolorata$9(OLS)http://semarc/publisher/30138 LEADER 01159nam a2200277 i 4500 001 000000119783 003 CaOOAMICUS 005 20031105000000.0 008 031105s2003 it u000 u ita u 013 $a92477 020 $a88-311-0136-6 040 $aSeMil$bita 100 1 $aMolinaro, Aniceto <1936-2011>.$0(OLS)http://semarc/name/16753 245 10$aTra filosofia e mistica /$cAniceto Molinaro. 260 $aRoma :$bCittà Nuova,$c2003. 300 $a115 p. ;$c20 cm. 490 0 $aIdee. Filosofia. Nuova serie ;$v136 600 04$aEckhart : Meister .$0(OLS)http://semarc/subject/8108 650 4$aFilosofia e mistica.$0(OLS)http://semarc/subject/18549 830 0$aIdee. Filosofia. Nuova serie ;$v136.$0(OLS)http://semarc/title/5903 850 $aSeMil 852 $aSeMil$W1$xVenegono$y1$m2Q II 371$j74990$B74990$CSeMilBibl$Z2$F76879 $81 961 $aSottoscrizione: Città Nuova (Agente) 996 $6020$a88-311-0136-6$9(OLS)http://semarc/number/104796 996 $6245$aTra filosofia e mistica$9(OLS)http://semarc/title/176132 996 $6260$aRoma :$bCittà Nuova$9(OLS)http://semarc/publisher/29609